000 01032cam a2200241 4500
001 D15024
008 090401t1969 xxu||||| |||| 00| 0 eng d
035 _a(Sirsi) u19679
041 _aeng
050 _a331.2166
_c18
110 _aRoyal Institution of Chartered Surveyors
_94900
245 _aAgreement between the RICS and the DHSS on the application to hospital work of the Institution's itemised scale no 37 of professional charges for quantity surveying services for building works (effective from 1 July 1969)
_bannex to the DHSS's circular letter DS4/71 to Regional Hospital Board...
260 _a[S.l.]
_bRICS
_c1969
300 _a15p.
520 _aIncludes two amendments: "Cost planning fees" DHSS circular letter DS117/72 of 17 May 1972; "Copyright" DHSS circular letter DS21/74 of 4 February 1974.
650 _aPROFESSIONAL FEES
650 _aQUANTITY SURVEYORS' FEES
650 _aFEE SCALES
650 _aPROFESSIONAL CHARGES
690 _aQuantity surveying
_96263
942 _n0
948 _c04/03/1997
999 _c87697
_d87697